MDQL
is popping MORE tags! Check the
thread
!
Quizzes
Events
Quiz Creation
Community
Videos
Private Events
Remove Ads
Sign In
Join for FREE
Feedback
Dark Mode
Quiz Categories
Sports
Geography
Music
Movies
Television
Just For Fun
Miscellaneous
History
Literature
Language
Science
Gaming
Entertainment
Religion
Holiday
For Kids
Quiz Lab
Recent
Popular Today
Quiz Kudos Today
Editor Picks
Curator Picks
Quizzes by...
Day
Popularity
Type
Ratings
Length
Year
Community
Subscriptions
Recent Discussions
Orange Saloon
Badges
Playlists
Quests
Create
Leaderboards
Showdown
Live 5
Trivia Bingo
Activity
Puzzle Library
Sporcle Events
Private Events
Virtual Trivia
Globe League
Become a Host
Pub Owners
SporcleCon
Opinionation
Our Games
Videos
Blog
Mobile Apps
Partnerships
Remove Ads and Go Orange
Feedback
Music
Pop Music
The Beatles
Song
Album
Lyrics
Bands
Singers
Artist
Clip
Rock
Rap
Classical
Billboard
Country Music
Kpop
Taylor Swift
Music
Pop Music
The Beatles
Song
Album
Lyrics
Bands
Singers
Artist
Clip
Rock
Rap
Classical
Billboard
Country Music
Kpop
Taylor Swift
Random Quiz
Search Sporcle
×
Quiz Lab
Quiz Lab
Music
Taylor Swift
Type in answers that appear in a list
Type in answers that appear in a list
Classic
Best Score? Go Orange.
Taylor Swift: Speak Now By Opening Lyric Stats
Can you name the Taylor Swift: Speak Now By Opening Lyric?
By
1a2b3c
7m
17 Questions
5,127 Plays
5,127 Plays
5,127 Plays
Comments
Comments
Give Quiz Kudos
Give Quiz Kudos
-
- Ratings
hide this ad
Forced Order
Answers have to be entered in order
Answers have to be entered in order
Random Order
Randomize order of answers
Randomize order of answers
Replay
Link that replays current quiz
Next Quiz
Link to next quiz in quiz playlist
You Got
0%
They Got
Avg Score
81%
Avg Friend Score
Upgrade to see
Score Distribution
Jump to the score distribution portion of the page
Score
0/17
Timer
07:00
4
Plays Today
Lyrics
Song
% Correct
You with your words like knives and swords and weapons that you used against me....
Mean
92.8%
You were in college working part time waiting tables...
Mine
92.6%
Now go stand in the corner and think about what you did...
Better Than Revenge
90.5%
I used to think one day we'd tell [song title], how we met and the sparks flew instantly...
The Story of Us
90%
I am not the kind of girl...
Speak Now
89.4%
I'm so glad you made time to see me...
Back to December
89.1%
There I was again tonight, faking laughter, forcing smiles...
Enchanted
87.4%
Your little hand wrapped around my finger and it's so quiet in the world tonight...
Never Grow Up
85.2%
The way you move is like a full on rainstorm...
Sparks Fly
85.1%
Lyrics
Song
% Correct
You and I walk a fragile line...
Haunted
83.6%
Long were the nights when my days once revolved around you...
Dear John
82.4%
I said remember this moment in the back of my mind...
Long Live
80.9%
I guess you really did it this time...
Innocent
75.2%
I still remember the look on your face...
Last Kiss
73.2%
Elevator buttons and morning air...
Ours
70.7%
Tall, dark and [song title] he puts papers in his briefcase...
Superman
65.1%
Last night I heard my own heart beating...
If This Was a Movie
53.8%
Quiz Playlist
Details
Report
Send in Message
Add To Playlist
Classic:
Type in answers that appear in a list
Forced Order:
Answers have to be entered in order
Random Order:
Randomize order of answers
Last Updated: Feb 16, 2017
Quiz Scoreboard
CHALLENGE
Sign Up to Join the Scoreboard
Show All
Scores
Hide
Comments
May contain spoilers
Recently Published
1-10 Letter E Words III
by El_Dandy
Language
2m
Street Fighter Characters
by Artimus82
Gaming
60s
College Basketball Coaching Resumes
by pancakes188
Sports
9m
More to Explore
Quiz From the Vault
Featured Blog Post
Where Did the Easter Bunny Come From?
hide this ad
You Might Also Like...
Tags
Country Quiz
Taylor Swift Quiz
Now
speak
Today's Top Quizzes in Music
Browse Music
hide this ad
Today's Top Quizzes in Taylor Swift
Browse Taylor Swift
Top Contributed Quizzes in Music
1
Taylor Swift All Songs (2024)
2
Taylor Swift Logic Puzzle
3
Guess the Artist- 70s Songs
4
7-to-1: Billboard Hot 100 #1 Hits of 2010s
5
Sorting Albums and Songs
6
KPOP LOGIC QUIZ
7
Billboard Blitz: Aretha Franklin
8
Guess the Taylor Swift song (Mystery Song)
9
Guess The Taylor Swift Lyrics Song #1
10
Billboard Blitz: ABBA
Explore More
Trending Topics
Crossword
Anime
NBA
Marvel
Kpop
Disney
Harry Potter
Country
NFL
The Office
WWE
Pokémon
Soccer
Song
Puzzle
hide this ad
More By:
1a2b3c
Quiz
Plays
Rating
Category
Featured
Created
Most Recognized Flags of the World
15,991
3.60
Geography
Oct 14, 2010
Mamma Mia Songs By Opening Lyric
6,803
4.44
Music
Aug 8, 2010
Taylor Swift: Speak Now By Opening Lyric
5,127
4.78
Music
Nov 18, 2010
Fully Democratic Countries
3,301
4.55
Geography
Oct 9, 2010
Most Sexually Active Countries
2,215
2.89
Geography
Oct 17, 2010
Go to Creator's Profile
Score Distribution
Quiz Creator Spotlight
1a2b3c
Follow
Send a Message
Quizzes Created
-
Created Quiz Play Count
-
More By This Creator
Popular Quizzes Today
1
Find the US States - No Outlines Minefield
2
Find the Countries of Europe - No Outlines Minefield
3
The Countries of the World
4
Find the US States
5
Risky Map Clicking: Biggest States A-Z
6
US States
7
Popular People in 1961
8
Movies - When Are They Set?
More Music Quizzes
Click the Band Members: Green Day
Published
Trending Quizzes
Risky Map Clicking: Least Populous States A-Z
Billboard Blitz: Aretha Franklin
1-10 Letter G Words
Countries of the World: 200 Million BC
1-10 Letter F Words
Recently Updated
Leaping Animals
pecheneg
Reality TV Shows (A-Z)
bhenderson79
Rickey Henderson's Hall of Fame Teammates
pecheneg
Champions League XIs: Arsenal
pecheneg
Quick Pick: Celebrities in WWE's Hall of Fame
aduchscher
A-Z Keypad Blitz II
pecheneg
Multiple Oscar Actors
pecheneg
Mystery Phrase Blitz: Oscar 'Best Actors'
pecheneg
F. Scott Fitzgerald Novels
LTH
Pick 3 Villains
ddd62291
Trending Topics
Marvel
Crossword
Harry Potter
Kpop
Anime
NBA
Disney
The Office
Song
WWE
NFL
Country
Pokémon
Puzzle
Soccer
Your Account Isn't Verified!
In order to create a playlist on Sporcle, you need to verify the email address you used during registration. Go to your
Sporcle Settings
to finish the process.
Report this User
Report this user for behavior that violates our
Community Guidelines
.
Details:
Send Report
Go to the Sporcle.com Mobile Site →
Comments